000 00552nam a2200181Ia 4500
001 25211
005 20260414151134.0
008 260414t2024||||xx |||||||||||||| ||spa||
041 _aESP
082 _a346.4
_bJ54
100 _aJiménez Murillo, Roberto,
_eAUT
245 0 _aEstudio y comentarios :
_bbienes inmuebles y muebles de propiedad estatal :Sistema nacional de bienes estatales / Sistema nacional de abastecimiento
260 _c2024
300 _a879 páginas :
_c25 cm.
650 _aDER
654 _aCDE
942 _cLIB
_dJUS
_fJUS
_2ddc
_n
999 _c25211
_d25211